| 000 | 00458nam a2200193Ia 4500 | ||
|---|---|---|---|
| 005 | 20250423095337.0 | ||
| 008 | 250422s9999 xx 000 0 und d | ||
| 020 | _a9788120345799 | ||
| 050 | _aP 96 .A86 .R36/ | ||
| 100 | _aMeera Raghavendra Rao, N. | ||
| 245 | 0 | _aFeature writing | |
| 250 | _a2nd ed. | ||
| 260 | _aNew Delhi | ||
| 260 | _bPHI Learning Private Limited | ||
| 260 | _c2011 | ||
| 300 | _a199 p | ||
| 650 | _aJournalism | ||
| 942 | _cBK | ||
| 999 |
_c29987 _d29987 |
||